000 00943nam a2200253 a 4500
001 000024129
005 20200930022737.0
008 110119s1981 dr 001 0bspa d
040 _aDO-SdBNP
_bspa
_cBNPHU
082 _a922.742
_bT588L
100 1 _aLockward, George A.
_946479
245 1 0 _aCorrespondencia de Tindall, primer misionero protestante en dominicana /
_cJohn Tindall ; compilado por George A. Lockward.
260 _aSanto Domingo, :
_bUniversidad CETEC,
_c1981.
300 _a159 p. ;
_c21 cm.
490 1 _aHistoria
_v1
500 _aIncluye índice onomástico.
504 _aBibliografía: p. 150-152.
600 1 4 _aTINDALL, JOHN,
_d1810-1858,
_eCORRESPONDENCIA, MEMORIAS, ETC.
_949552
650 4 _aMisioneros ingleses
_xCorrespondencia, memorias, etc.
_949553
650 4 _aMisiones
_xIglesia anglicana
_xHistoria
_949554
830 0 _aHistoria
_n1
_945360
910 _aValidado. Control de calidad EMS
049 _aBNPD
999 _c23623
_d23623